[Event "AUS-ch Major"]
[Site "Parramatta"]
[Date "2008.01.11"]
[Round "11"]
[White "Kadam, Subhash"]
[Black "Russell, Luthien"]
[Result "0-1"]
[WhiteElo "1553"]
[BlackElo "1316"]
[PlyCount "44"]
[EventDate "2008.01.02"]
[EventType "swiss"]
[EventRounds "11"]
[EventCountry "AUS"]
[SourceTitle "EXT 2010"]
[Source "ChessBase"]
[SourceDate "2010.11.25"]
[SourceVersion "1"]
[SourceVersionDate "2010.11.25"]
[SourceQuality "1"]

1. e4 c5 2. Nf3 e6 3. d4 cxd4 4. Nxd4 a6 5. Nc3 Qc7 6. Be2 Nf6 7. 0-0 Be7 8. Be3 b5 9. a3 Bb7 10. Bf3 0-0 11. e5 Nd5 12. Nxd5 exd5 13. Nf5 Qxe5 14. Nxe7+ Qxe7 15. Bxd5 Nc6 16. b4 Rac8 17. Re1 Qf6 18. Rc1 Rfe8 19. c4 bxc4 20. Bxc4 Ne5 21. Be2 Qg6 22. g3 Qe4 0-1